Marruecos: autonomía de la región del Sahara
Gardado en:
| Formato: | Libro |
|---|---|
| Idioma: | Lingua castelá |
| Publicado: |
Coquimbo
Centro Mohammed VI
2009
|
| Subjects: | |
| Tags: |
Engadir etiqueta
Sen Etiquetas, Sexa o primeiro en etiquetar este rexistro!
|
MARC
| LEADER | 00000cam a2200000 a 4500 | ||
|---|---|---|---|
| 001 | UCF2326 | ||
| 003 | CL-VaPUC | ||
| 008 | 120817e20090000CL |||||||||||||||||spa|d | ||
| 020 | |a 9789568888015 | ||
| 082 | 0 | 4 | |a 320.011 |b MAR |2 21 |
| 245 | 1 | 0 | |a Marruecos: autonomía de la región del Sahara |
| 300 | |a 60 p | ||
| 942 | |c BK | ||
| 945 | |d 20120817 00:00:00 |a dcastane | ||
| 260 | |a Coquimbo |b Centro Mohammed VI |c 2009 | ||
| 650 | 7 | |a FILOSOFIA POLITICA |2 CL-VaPUC |9 563922 | |
| 650 | 7 | |a SISTEMAS POLITICOS |2 CL-VaPUC |9 563923 | |
| 650 | 0 | |a Economía |9 255568 | |
| 650 | 0 | |a Política |9 255312 | |
| 651 | 7 | |a MARRUECOS |2 CL-VaPUC |9 563924 | |
| 583 | |a last modification |c 20120820 12:14:25 |k Rodrigo Vera | ||
| 999 | |c 348897 |d 348895 | ||
| 952 | |0 0 |1 0 |4 0 |6 320_011000000000000_MAR_2009 |7 0 |8 A |9 451173 |a BIBHIS |b BIBHIS |d 2019-11-22 |i 4892933 |o 320.011 MAR 2009 |p 4892933 |r 2025-01-20 |w 2019-11-22 |y BK |k HIS | ||
| 952 | |0 0 |1 0 |4 0 |6 320_011000000000000_MAR_2009 |7 0 |8 A |9 451174 |a BIBGIM |b BIBGIM |d 2019-11-22 |i 4909518 |o 320.011 MAR 2009 |p 4909518 |r 2025-01-15 |w 2019-11-22 |y BK |k ARA | ||
| 952 | |0 0 |1 0 |4 0 |6 320_011000000000000_MAR_2009 |7 0 |8 A |9 451175 |a BIBGIM |b BIBGIM |d 2019-11-22 |i 4909526 |o 320.011 MAR 2009 |p 4909526 |r 2025-01-15 |w 2019-11-22 |y BK |k ARA | ||